[Event "Challenge"]
[Site "http://www.queenalice.com/game.php?id=1624944"]
[Date "2020.8.25"]
[Round "-"]
[White "cpessoa"]
[Black "montelo"]
[Result "0-1"]
[WhiteElo "1001"]
[BlackElo "2160"]

1. d4 e6 2. e3 Nc6 3. Bc4 Qf6 4. Nh3 Qg6 5. Nf4 Qf5 6. Qh5 Qxc2 7. Qd1 Bb4+ 8.
Nc3 Bxc3+ 9. bxc3 Qxc3+ 10. Bd2 Qxc4 11. Rc1 Qxa2 12. d5 exd5 13. Rc5 Nf6 14.
O-O Ne4 15. Rxd5 g5 16. Bb4 gxf4 0-1

[Event "Challenge"]
[Site "http://www.queenalice.com/game.php?id=1787604"]
[Date "2022.4.24"]
[Round "-"]
[White "ROYANDROLL"]
[Black "cpessoa"]
[Result "0-1"]
[WhiteElo "1540"]
[BlackElo "1001"]

1. e4 e5 2. d4 Bb4+ 3. c3 Bf8 4. dxe5 Qh4 5. Qf3 Bc5 6. g3 Qe7 7. b4 Bb6 8. Bf4
g5 9. Be3 Qxe5 10. Bxb6 axb6 11. Bc4 Nh6 12. Ne2 Rf8 13. h4 d5 14. Bxd5 c5 15.
hxg5 cxb4 16. gxh6 bxc3 17. Nbxc3 Nd7 18. Rd1 Nc5 19. Nd4 f5 20. Qh5+ Ke7 21.
Qg5+ Qf6 22. Nxf5+ Bxf5 23. Qxf6+ Rxf6 24. Bc4 Bxe4 25. O-O Rxh6 26. Rfe1 Rh1#
0-1

[Event "Let's Play Chess!"]
[Site "http://www.queenalice.com/game.php?id=1789521"]
[Date "2022.5.26"]
[Round "-"]
[White "igor12345"]
[Black "cpessoa"]
[Result "1-0"]
[WhiteElo "2015"]
[BlackElo "1061"]

1. e4 d5 2. exd5 Qxd5 3. Nc3 Qd4 4. Nf3 Qb6 5. d4 e5 6. Nxe5 Nf6 7. Bc4 Be6 8.
Bxe6 fxe6 9. O-O Bd6 10. Kh1 g6 11. Ne2 Nc6 12. f4 O-O 13. c4 Qb4 14. Nxc6 bxc6
15. c5 Be7 16. a3 Rab8 17. axb4 Rxb4 18. Rxa7 Rc8 19. Ra4 Rcb8 20. Rxb4 Rxb4 21.
Qc2 Ng4 22. Qc3 Ra4 23. h3 Nf6 24. Qb3 Rxd4 25. Nxd4 Ne4 26. Qxe6+ Kf8 27. Qxe4
Bxc5 28. f5 gxf5 29. Qxf5+ Ke7 30. Qxc5+ Kd7 31. Qxc6+ Kc8 32. Rf8# 1-0

[Event "Let's Play Chess!"]
[Site "http://www.queenalice.com/game.php?id=1789541"]
[Date "2022.5.26"]
[Round "-"]
[White "Charles56"]
[Black "cpessoa"]
[Result "1-0"]
[WhiteElo "1749"]
[BlackElo "1053"]

1. d4 d5 2. Nc3 Bg4 3. h3 Bh5 4. Qd3 e6 5. Nf3 Bb4 6. Bd2 c6 7. e4 dxe4 8. Nxe4
c5 9. Bxb4 cxb4 10. Qb5+ Qd7 11. Qxb4 Nf6 12. Nxf6+ gxf6 13. Be2 Nc6 14. Qb5
Nxd4 15. Qxd7+ Kxd7 16. O-O-O e5 17. Nxd4 exd4 18. Rxd4+ Ke7 19. Bxh5 Rhd8 20.
Re4+ Kf8 21. Rhe1 f5 22. Re7 Re8 23. Rxf7+ Kg8 24. Rxe8+ Rxe8 25. Rxf5 Re1+ 26.
Kd2 Rb1 27. b3 Rb2 28. a4 b6 29. g4 a6 30. f4 Ra2 31. Rf6 b5 32. axb5 axb5 33.
Rb6 Ra1 34. Rxb5 Rh1 35. f5 Rh2+ 36. Kc3 Rxh3+ 37. Kc4 Rh2 38. c3 Kg7 39. Rb6
Re2 40. Re6 Ra2 41. g5 Ra5 42. Bg4 Ra8 43. Re7+ Kg8 44. Bh5 Ra5 45. Rf7 h6 46.
g6 Ra6 47. f6 Rc6+ 48. Kb5 Rxc3 49. Re7 Rxb3+ 50. Kc4 Rh3 51. Re8# 1-0

[Event "Challenge"]
[Site "http://www.queenalice.com/game.php?id=1789550"]
[Date "2022.5.26"]
[Round "-"]
[White "cpessoa"]
[Black "game"]
[Result "1-0"]
[WhiteElo "1017"]
[BlackElo "1258"]

1. g4 d5 2. h4 Nc6 3. e4 Be6 4. Bb5 Qd7 5. exd5 Bxd5 6. c4 Bxh1 7. d4 Nxd4 8.
Bxd7+ Kxd7 9. Qxd4+ Ke6 10. Qc5 Kd7 11. Bf4 Re8 12. Qxc7+ Ke6 13. Nd2 f6 14. f3
Kf7 15. Qxb7 Nh6 16. Qd7 Kg8 17. Qxe8 g5 18. hxg5 Nf7 19. gxf6 exf6 20. Qe6 Kg7
21. O-O-O h5 22. g5 fxg5 23. Be5+ Nxe5 24. Qxe5+ Kg8 25. c5 g4 26. fxg4 Bc6 27.
gxh5 Ba4 28. b3 Bb5 29. Nc4 Bg7 30. Qe6+ Kh7 31. Qg6+ Kg8 32. a4 Bd7 33. Rxd7
Rh6 34. Qxg7# 1-0

[Event "Challenge"]
[Site "http://www.queenalice.com/game.php?id=1789617"]
[Date "2022.5.26"]
[Round "-"]
[White "cpessoa"]
[Black "ROYANDROLL"]
[Result "0-1"]
[WhiteElo "1041"]
[BlackElo "1545"]

1. a4 a5 2. Ra3 b6 3. e4 e5 4. Bc4 c6 5. Qh5 Qe7 6. Rf3 Nf6 7. Qxf7+ Qxf7 8.
Bxf7+ Kxf7 9. d3 Ke8 10. Nc3 Bb4 11. Ne2 Ng4 12. Bg5 h6 13. Bh4 g5 14. Bg3 h5
15. h3 Nh6 16. Bxe5 Rg8 17. h4 g4 18. Rf6 Nf7 19. Bf4 Be7 20. Rf5 Na6 21. Rxh5
Nb4 22. O-O Nxc2 23. f3 gxf3 24. Rxf3 Bc5+ 25. Kf1 Ba6 26. Bc7 Ne3+ 27. Rxe3
Bxe3 28. e5 Bxd3 29. Bd6 Rg4 30. b3 b5 31. axb5 Rf4+ 32. Ke1 Rf2 33. e6 dxe6 34.
bxc6 Rc8 35. Re5 Nxe5 36. Bxe5 Rxc6 37. h5 Rxg2 38. h6 Rh2 39. Bg7 Rh1+ 40. Ng1
Rxg1# 0-1

[Event "Challenge"]
[Site "http://www.queenalice.com/game.php?id=1789679"]
[Date "2022.5.28"]
[Round "-"]
[White "ROYANDROLL"]
[Black "cpessoa"]
[Result "1-0"]
[WhiteElo "1543"]
[BlackElo "1043"]

1. e4 Nc6 2. c3 Nf6 3. f3 a5 4. a4 Ra6 5. Bxa6 bxa6 6. d4 Nh5 7. f4 e5 8. Qxh5
exd4 9. cxd4 Bb4+ 10. Bd2 Nxd4 11. Qe5+ Qe7 12. Qxd4 Qh4+ 13. g3 Qe7 14. e5 f6
15. Nc3 fxe5 16. fxe5 Bb7 17. Nd5 Bxd2+ 18. Kxd2 Qg5+ 19. Kc3 c5 20. Nc7+ Kd8
21. Ne6+ Ke7 22. Qd6+ Kf7 23. Nxg5+ Ke8 24. Qb8+ Ke7 25. Qxh8 h6 26. Qxg7+ Kd8
27. Rd1 hxg5 28. Qxd7# 1-0

[Event "Challenge"]
[Site "http://www.queenalice.com/game.php?id=1790016"]
[Date "2022.6.3"]
[Round "-"]
[White "game"]
[Black "cpessoa"]
[Result "1-0"]
[WhiteElo "1251"]
[BlackElo "1024"]

1. e4 e5 2. Nf3 Bc5 3. Bc4 Nc6 4. Ng5 Qxg5 5. d4 Qh4 6. dxc5 Nf6 7. O-O Nxe4 8.
g3 Qh3 9. Qf3 Ng5 10. Bxg5 Nd4 11. Qe3 Nxc2 12. Qxe5+ Kf8 13. Qe7+ Kg8 14. Qe8#
1-0

[Event "Challenge"]
[Site "http://www.queenalice.com/game.php?id=1790294"]
[Date "2022.6.5"]
[Round "-"]
[White "game"]
[Black "cpessoa"]
[Result "0-1"]
[WhiteElo "1235"]
[BlackElo "1039"]

1. e4 e5 2. Nf3 d6 3. d4 exd4 4. c3 dxc3 5. Nxc3 Bg4 6. Bc4 a6 7. O-O c6 8. h3
Bh5 9. Re1 d5 10. Bb3 dxe4 11. Rxe4+ Ne7 12. Rd4 Nd5 13. Ng5 Nxc3 14. Qe1+ Qe7
15. Qxc3 Qe2 16. Be3 c5 17. Ba4+ b5 18. Rdd1 bxa4 19. Re1 Qb5 20. Qe5+ Be7 21.
g4 f6 22. Qe4 fxg5 23. Qxa8 Bg6 24. Rab1 O-O 25. Rbd1 Qxb2 26. Qd5+ Bf7 27. Qh1
Qxa2 28. h4 h5 29. hxg5 hxg4 30. Rd2 Qc4 31. Rde2 a3 32. f3 gxf3 33. Qxf3 a2 34.
Qh3 Qc3 35. Bd2 Qxh3 36. Rxe7 Bd5 37. R7e3 Qh1# 0-1

[Event "Let's Play Chess!"]
[Site "http://www.queenalice.com/game.php?id=1790398"]
[Date "2022.6.8"]
[Round "-"]
[White "cpessoa"]
[Black "igor12345"]
[Result "0-1"]
[WhiteElo "1041"]
[BlackElo "1980"]

1. e3 d5 2. Qh5 Nf6 3. Bb5+ c6 4. Ba4 Bg4 5. Qg5 e6 6. f3 h6 7. Qf4 Bd6 8. Qd4
e5 9. Qc3 Bf5 10. g4 Be6 11. Ne2 Nfd7 12. f4 Qh4+ 13. Ng3 Bxg4 14. fxe5 Bxe5 15.
d4 Bxg3+ 16. Kf1 Bxh2 17. Qe1 Qf6+ 18. Qf2 Bd6 19. Rh4 Qxf2+ 20. Kxf2 h5 21. c4
g5 22. Rh1 dxc4 23. Nc3 f5 24. b3 b5 25. bxc4 bxa4 26. Nxa4 Nf6 27. c5 Ne4+ 28.
Kg2 Be7 29. Rf1 O-O 30. Rb1 Bf6 31. Rb2 Rf7 32. Rbf2 Nxf2 0-1

[Event "Let's Play Chess!"]
[Site "http://www.queenalice.com/game.php?id=1790427"]
[Date "2022.6.8"]
[Round "-"]
[White "Charles56"]
[Black "cpessoa"]
[Result "1-0"]
[WhiteElo "1752"]
[BlackElo "1057"]

1. e4 e6 2. a3 Bc5 3. Nf3 f5 4. exf5 exf5 5. Bb5 Qe7+ 6. Qe2 Qxe2+ 7. Kxe2 Nf6
8. d4 Bb6 9. Bg5 Ng4 10. h3 Nxf2 11. Kxf2 c6 12. Ba4 h6 13. Re1+ Kf8 14. Nbd2
hxg5 15. c3 g4 16. hxg4 fxg4 17. Ng5 d6 18. Bb3 c5 19. Rh1 cxd4 20. Rxh8+ Ke7
21. Nc4 Bd8 22. Re1+ Kd7 23. Rg8 Bxg5 24. Rxg7+ Be7 25. Rexe7+ Kc6 26. Rc7+ Kd5
27. Rxc8 b5 28. Na5+ Ke4 29. Rxg4+ Kd3 30. Rxd4# 1-0

[Event "Challenge"]
[Site "http://www.queenalice.com/game.php?id=1790442"]
[Date "2022.6.8"]
[Round "-"]
[White "cpessoa"]
[Black "ROYANDROLL"]
[Result "0-1"]
[WhiteElo "1059"]
[BlackElo "1573"]

1. e3 e5 2. Qh5 Qf6 3. Bc4 g6 4. Bxf7+ Kxf7 5. Qf3 Qxf3 6. Nxf3 d6 7. d4 e4 8.
Ng5+ Kf6 9. Nxe4+ Ke7 10. Nbc3 Bf5 11. Nd5+ Kd7 12. Ndf6+ Nxf6 13. Nxf6+ Ke6 14.
Ne8 c6 15. Nc7+ Kd7 16. Nxa8 Bxc2 17. O-O Bh6 18. f4 Na6 19. a4 Rxa8 20. g4 Nb4
21. g5 Bg7 22. f5 Bxf5 23. e4 Be6 24. Bd2 Nc2 25. Rac1 Nxd4 26. Rce1 Nb3 27. Bb4
c5 28. Bc3 Rg8 29. e5 d5 30. Rd1 d4 31. Rf3 Bxe5 32. Re1 Bg7 33. Rd3 Ke7 34. Bd2
c4 35. Bb4+ Kd7 36. Rxe6 Kxe6 37. Rxb3 cxb3 38. h4 d3 39. Kf1 Rd8 40. Ke1 Bxb2
41. Kd2 Be5 42. Kc1 Bf4+ 43. Kb2 d2 44. Bxd2 Rxd2+ 45. Kxb3 Bg3 46. Kc3 Rd8 47.
Kc4 Bxh4 48. Kb5 Bxg5 49. a5 Rd6 50. a6 bxa6+ 51. Kb4 Rc6 52. Kb3 Kd5 53. Kb4
Rc4+ 54. Ka5 Kc6 55. Kxa6 Ra4# 0-1

[Event "AUTO-OPEN-4372"]
[Site "http://www.queenalice.com/game.php?id=1790531"]
[Date "2022.6.8"]
[Round "1"]
[White "cpessoa"]
[Black "CHESS1969"]
[Result "0-1"]
[WhiteElo "1039"]
[BlackElo "2097"]

1. e4 c5 2. Bc4 e6 3. d4 cxd4 4. Qf3 Nc6 5. Bf4 b5 6. Bxb5 Qa5+ 7. c3 Qxb5 8.
cxd4 Nxd4 9. Qc3 Bb4 10. Nf3 Qe2# 0-1

[Event "AUTO-OPEN-4372"]
[Site "http://www.queenalice.com/game.php?id=1790532"]
[Date "2022.6.8"]
[Round "1"]
[White "CHESS1969"]
[Black "cpessoa"]
[Result "1-0"]
[WhiteElo "2132"]
[BlackElo "1039"]

1. Nf3 a5 2. e4 Nc6 3. d4 d5 4. exd5 Qxd5 5. Nc3 Qh5 6. Nb5 Qd5 7. Nxc7+ Kd8 8.
Nxd5 e6 9. Nb6 Ra6 10. Bxa6 bxa6 11. d5 Nb4 12. dxe6+ Kc7 13. Bf4+ Kxb6 14. Qd8+
Kb7 15. Qc7+ Ka8 16. Qb8# 1-0

[Event "Challenge"]
[Site "http://www.queenalice.com/game.php?id=1790658"]
[Date "2022.6.11"]
[Round "-"]
[White "ROYANDROLL"]
[Black "cpessoa"]
[Result "1-0"]
[WhiteElo "1571"]
[BlackElo "1063"]

1. e4 Nc6 2. c3 e5 3. b4 a5 4. b5 Na7 5. a4 Bc5 6. d4 exd4 7. cxd4 Bb4+ 8. Bd2
Qh4 9. Qf3 Bxd2+ 10. Nxd2 d6 11. g3 Qf6 12. Qxf6 Nxf6 13. d5 Ng4 14. f3 Ne5 15.
Rc1 c6 16. b6 cxd5 17. bxa7 dxe4 18. fxe4 Bd7 19. Rc7 Bxa4 20. Rxb7 O-O 21. Ngf3
Rfe8 22. Nxe5 Rxe5 23. Bc4 d5 24. Bxd5 Bc2 25. Nf3 Bxe4 26. Nxe5 Bxd5 27. Rb8+
Rxb8 28. axb8=Q# 1-0

[Event "Let's Play Chess!"]
[Site "http://www.queenalice.com/game.php?id=1791002"]
[Date "2022.6.16"]
[Round "-"]
[White "freeman4"]
[Black "cpessoa"]
[Result "1-0"]
[WhiteElo "1644"]
[BlackElo "1051"]

1. d4 e5 2. dxe5 Qh4 3. Nf3 Qb4+ 4. Nc3 d6 5. e4 Nc6 6. a3 Qc5 7. Be3 Qa5 8. b4
Nxb4 9. axb4 Qxb4 10. Qd2 dxe5 11. Rd1 Bg4 12. Be2 f5 13. Qd7# 1-0

[Event "Challenge"]
[Site "http://www.queenalice.com/game.php?id=1791339"]
[Date "2022.6.23"]
[Round "-"]
[White "game"]
[Black "cpessoa"]
[Result "1-0"]
[WhiteElo "1391"]
[BlackElo "1047"]

1. e4 e5 2. Nf3 Nc6 3. Ng5 Qxg5 4. d4 Qf6 5. Nd2 Bb4 6. a3 Ba5 7. Bc4 Bb6 8. d5
Nd4 9. O-O Nh6 10. Nf3 Ng4 11. Bg5 Qf4 12. Bxf4 c6 13. Nxd4 d6 14. Nf5 Bxf5 15.
exf5 exf4 16. Qxg4 g6 17. fxg6 hxg6 18. Rfe1+ Kf8 19. Qxf4 cxd5 20. Bxd5 Rb8 21.
Bxf7 Rh7 22. Bxg6+ Kg7 23. Qf7+ Kh8 24. Bxh7 1-0

[Event "Challenge"]
[Site "http://www.queenalice.com/game.php?id=1791800"]
[Date "2022.7.1"]
[Round "-"]
[White "cpessoa"]
[Black "game"]
[Result "0-1"]
[WhiteElo "1049"]
[BlackElo "1389"]

1. d4 d5 2. Qd3 b6 3. f3 e6 4. e4 Ba6 5. Qb3 Nc6 6. exd5 Nxd4 7. Qa3 Bxa3 8.
Nxa3 Qc8 9. Bxa6 Qxa6 10. c3 Nf5 0-1